| 000 | 01236nam a2200337 c 4500 | ||
|---|---|---|---|
| 999 |
_c15375 _d15375 |
||
| 003 | BLK | ||
| 005 | 20220225152625.0 | ||
| 008 | 180413b bul|||||r ||||||| ||bul|| | ||
| 010 | _aKNG00017153000 | ||
| 020 | _a954-604-048-7 | ||
| 040 | _aBLK | ||
| 041 |
_aBUL _cBUL |
||
| 072 | 7 |
_2bullib _aК _xКраезнание |
|
| 072 | 7 |
_2bullib _aЯ _xАвтографи |
|
| 080 |
_aБългарска литература _b821.163.2 _x-1 _z821.163.2-1 |
||
| 100 | 1 |
_aНяголова, Елка _eпърви автор _gПощарова, Елка Няголова _9258299 |
|
| 139 |
_aНяголова, Елка _bН 99 |
||
| 245 | 1 | 0 |
_aЗемен гейм _bСтихове _cЕлка Няголова. |
| 257 | _aBGR | ||
| 260 |
_bИван Вазов _c1997 |
||
| 300 |
_a94 с. _bс портр., цв. ил. _c23 см |
||
| 380 | _aX | ||
| 500 | _aПълното име на авт. е Елка Няголова Пощарова. - Съдържа и автогр. текст | ||
| 659 | _aК | ||
| 659 | _aЯ | ||
| 852 | _aЦб 192596 | ||
| 852 | _aК 821.163.2/Н 99 Е | ||
| 856 | 4 |
_qpdf _u |
|
| 856 | 4 |
_qpdf _u |
|
| 942 |
_cKNG _n0 _s1 |
||
| 944 |
_aCR _c15.01.2003 _kAB_DOS |
||
| 944 |
_aED _c21.11.2014 _kРенета_Константинова |
||
| 999 | _d15375 | ||